مكتبة جامعة عجلون الوطنية

فهرس بحث المكتبة

قوة الحجاج في عموم المغفرة للحجاج ويليه تبيين العجب بما ورد في فضل رجب (Record no. 18079)

MARC details
000 -LEADER
fixed length control field 01001nam a2200205Ii 4500
003 - CONTROL NUMBER IDENTIFIER
control field JO-AjNU
008 - FIXED-LENGTH DATA ELEMENTS--GENERAL INFORMATION
fixed length control field 230605s9999||||xx |||||||||||||| ||und||
040 ## - CATALOGING SOURCE
Original cataloging agency JO-AjNU
Language of cataloging ara
Description conventions rda
Transcribing agency JO-AjNU
041 ## - LANGUAGE CODE
Language code of text/sound track or separate title ara
050 14 - LIBRARY OF CONGRESS CALL NUMBER
Classification number BP184.7.I2634 1988
100 3# - MAIN ENTRY--PERSONAL NAME
Personal name العسقلاني، أبي الفضل أحمد بن علي بن حجر ؛ شرح و تعليق سمير حسين حلبي ؛ تحقيق وتعليق واخراج احاديث ابراهيم بن اسماعيل آل عصر,
Relator term author
9 (RLIN) 35206
245 00 - TITLE STATEMENT
Title قوة الحجاج في عموم المغفرة للحجاج ويليه تبيين العجب بما ورد في فضل رجب
250 ## - EDITION STATEMENT
Edition statement ط1
264 31 - PRODUCTION, PUBLICATION, DISTRIBUTION, MANUFACTURE, AND COPYRIGHT NOTICE
Place of production, publication, distribution, manufacture بيروت: المكتبة العلمية، 1988
300 ## - PHYSICAL DESCRIPTION
Extent قوة الحجاج84ص؛ تبيين العجب 58ص
Other physical details الفهارس الفنية ص55-84
336 ## - CONTENT TYPE
Content type term text
Content type code txt
Source rdacontent
337 ## - MEDIA TYPE
Media type term unmediated
Media type code n
Source rdamedia
338 ## - CARRIER TYPE
Carrier type term volume
Carrier type code nc
Source rdacarrier
650 #4 - SUBJECT ADDED ENTRY--TOPICAL TERM
Topical term or geographic name entry element الحج- شهررجب- فضائل
9 (RLIN) 35207
Holdings
Withdrawn status Lost status Source of classification or shelving scheme Damaged status Not for loan Home library Current library Shelving location Date acquired Total Checkouts Full call number Barcode Date last seen Price effective from Koha item type
    Library of Congress Classification     مكتبة جامعة عجلون الوطنية مكتبة جامعة عجلون الوطنية المجموعات العامة 06/06/2023   BP184.7.I2634 1988 A14511 06/06/2023 06/06/2023 Books